| 000 | 00866cam a2200241 i 4500 | ||
|---|---|---|---|
| 005 | 20260128102328.0 | ||
| 008 | 250721s2013 sy gr 000 0 ara d | ||
| 020 | _a9789773767460 | ||
| 082 | 1 | 4 |
_a366.1 _b ع ب د |
| 100 | 1 |
_aعبد الحكيم، منصور _eمؤلف. |
|
| 245 | 1 | 0 |
_aلعبة المتنورين و النظام العالمي الجديد / _cمنصور عبدالحكيم. |
| 264 | 3 | 1 |
_aدمشق : _bدار الكتاب العربي، _c2013. |
| 300 | _a376 صفحه. | ||
| 490 | 0 |
_aحكومة العالم الخفية ؛ _v رقم 14. |
|
| 650 | 1 | 7 | _aالماسونية. |
| 650 | 1 | 7 | _aاليهود. |
| 650 | 1 | 7 | _aالصهونية. |
| 650 | 1 | 7 | _aجماعات النفوذ. |
| 650 | 1 | 7 | _aالتاريخ. |
| 830 | 0 | _aحكومة العالم الخفية . | |
| 942 |
_2ddc _cBK |
||
| 999 |
_c135389 _d135389 |
||